| 000 | 00978cam a2200205 4500 | ||
|---|---|---|---|
| 001 | WB3742-24 | ||
| 008 | 011108n2001 000 0 eng u | ||
| 035 | _a(Sirsi) u115540 | ||
| 245 | _aStrategic planning review | ||
| 260 | _c2001 | ||
| 490 |
_aRICS Scotland News Release _v5 November 2001, (3) |
||
| 520 | _aRICS Scotland has welcomed the Scottish Executive's Review of Strategic Planning. It believes this is essential to ensure the Scottish planning system provides leadership and certainty, both lacking in the current system. Copies of RICS Scotland's full response to the Review of Strategic Planning are available on request from RICS Scotland. Contact Elizabeth Bruce for further information on: +44 (0) 131 225 7078. | ||
| 590 | _aWB | ||
| 650 | _aABOUT RICS-RICS WORLDWIDE-RICS SCOTLAND | ||
| 650 | _aSCOTLAND | ||
| 650 | _aREVIEW | ||
| 650 | _aSTRATEGIC PLANNING | ||
| 690 | _aENVIRONMENTAL AND LAND CONSULTANCY-PLANNING AND DEVELOPMENT | ||
| 942 | _n0 | ||
| 999 |
_c68821 _d68821 |
||